Anh bạn điển trai = Bel-ami

Enregistré dans:
Détails bibliographiques
Auteur principal: Guy de Maupassant
Format: Livre
Langue:Undetermined
Publié: Tp. HCM Văn Nghệ 2000
Sujets:
Tags: Ajouter un tag
Pas de tags, Soyez le premier à ajouter un tag!
Thư viện lưu trữ: Trung tâm Học liệu Trường Đại học Cần Thơ
LEADER 00550nam a2200181Ia 4500
001 CTU_42139
008 210402s9999 xx 000 0 und d
082 |a 843.8 
082 |b M452a 
100 |a Guy de Maupassant 
245 0 |a Anh bạn điển trai 
245 0 |b = Bel-ami 
245 0 |c Guy de Maupassant, Vĩnh Minh, Đức Hiếu 
260 |a Tp. HCM 
260 |b Văn Nghệ 
260 |c 2000 
650 |a french fiction ( vietnamese ),french literature - 19th century 
980 |a Trung tâm Học liệu Trường Đại học Cần Thơ